000
00287nam a22001217a 4500
003
SGT
082
_a
616.995
_b
B13W
100
_a
WHITE, GARY C.
245
_a
BASIC CLINICAL LAB COMPETENCES OF RESPIRATORY CARE
260
_a
AUSTRALIA
_b
DELMAR
_c
2013
300
_a
781
942
_2
ddc
_c
BK
999
_c
14845
_d
14845